000
00333nam a22001457a 4500
008
240318b ||||| |||| 00| 0 eng d
020
_a
9780465080441
041
_a
eng
080
_2
1996
_a
159.9
082
_a
159.9HUM
100
_a
25
101
_a
PSIKOLOGJI
245
_a
LEAPS OF FAITH
_c
NICHOLAS HUMPHREY
942
_2
udc
_c
BK
999
_c
60615
_d
60615